Musique par lettre - D - Statistiques

Statistiques générales
  • Ce quiz a été pris 257 fois
  • Le résultat moyen est 13 sur 20
Statistiques - réponses
Questions Réponses % Correct
Quelle chanteuse italo-égyptienne, a chanté "Mourir sur scène" ou encore "Bambino" ? Dalida
98%
Quelle rappeuse française casse les codes avec "La Boulette" ? Diam's
92%
Quel chanteur français, révélé par la Nouvelle Star, a pour tubes principaux "Le Lac" et "Paris Seychelles" ? Julien Doré
88%
Quelle chanson de Luis Fonsi signifie "lentement" en espagnol ? Despacito
87%
Quel rappeur belge, chante "Amnésie" en 2016 et danse la "Macarena" en 2017 ? Damso
84%
Quel chanteur français a chanté "Les yeux d'Emilie" et "L'Eté Indien" ? Joe Dassin
80%
Quel rappeur franco congolais, auteur de "Reine" et "Bob Marley" est le frère de Maître Gims ? Dadju
79%
Quel chanteur français, père de Thomas, a chanté "Les Cactus" et "Et moi, et moi, et moi" ? Jacques Dutronc
75%
Quel tube des BB Brunes de 2007 débute par "Une légère envie de violence quand elle relace ses bras" ? Dis-moi
74%
Quel titre du groupe ABBA est dédié à la Reine de Suède pour son mariage en 1976 ? Dancing Queen
72%
Quel tube du Sexion d'Assaut de 2010 débute par "J'ai préféré partir et m'isoler" ? Désolé
68%
Quel chanteur franco néerlandais chante "Vanina" et "Du côté de chez Swann" ? Dave
67%
Quelle chanson de Boney M parle d'un homme tranquille, jamais stressé ? Daddy Cool
57%
Quelle chanson de Charles Trenet évoque "Le pays de son enfance" ? Douce France
55%
Quelle chanson de Rihanna est un hommage à sa grand-mère, disparue en 2012 ? Diamonds
52%
Quel chanteur et rappeur américano canadien a sorti l'album "Take Care" avec le son "Headlines" ? Drake
52%
Quelle chanson d'Ophélie Winter sortie en 1996, évoque la spiritualité ? Dieu m'a donné la foi
44%
Quel instrument de musique est joué par les Aborigènes du Nord de l'Australie ? Didgeridoo
28%
Quelle chanson de Gazo et Koba LaD sortie en 2021 met en musique un homme dominant ? Daddy Chocolat
27%
Quelle chanson constitue le premier succès de Jenifer après sa victoire à la Star Academy en 2002 ? Donne moi le temps
27%
Aucun quiz correspondant
Distribution des résultats
% des personnes avec chaque résultat
Percentile par nombre de réponses
Votre historique - résultats
Vous n’avez pas pris ce quiz